000 00722nam a2200265Ia 4500
005 20260302115819.0
008 008 260114s9999 xx 000 0 eng d
020 _a9781509964871
037 _aTextbook
040 _aCRL
040 _beng
040 _cCRL
041 _2eng
041 _aeng
084 _qCRL
100 _aJürgen Bast, Frederik von Harbou, Janna Wessels
_91122750
245 0 _aHuman Rights Challenges to European Migration Policy The REMAP Study
260 _bBloomsbury
260 _bNomos/Hart
260 _c2022
650 _aLaw
856 _uhttps://doi.org/10.5040/9781509964871?locatt=label:secondary_bloomsburyCollections
942 _cEBOOK
999 _c1687556
_d1687556